000 00360nam a2200145Ia 4500
008 230718s9999 xx 000 0 und d
041 _aeng
082 _a510.620
_bDAS
100 _aDass H.K.
245 _aAdvanced Engineering Mathematics
260 _bS Chand
365 _cRs.
_b425.00
700 _aDass H.K.
906 _dB:19631-Oct-2007
_cALLEDS
_b63.75
999 _c317847
_d317847